LEADER 00866nam a2200241 a 4500 001 000000135667 003 CaOOAMICUS 005 20131008131643.0 008 131008s1949 it u000 u ita r 040 $aPUL$bita 100 1 $aLeopardi, Giacomo,$cconte,$d1798-1837.$0(OLS)http://pul/name/10277 245 10$aCanti /$cGiacomo Leopardi. 260 $a[Milano] :$bRizzoli,$c1949. 300 $a151 p. ;$c16 cm 490 1 $aBiblioteca Universale Rizzoli 830 0$aBiblioteca Universale Rizzoli.$0(OLS)http://pul/title/154622 850 $aPUL 852 $aPUL$W1$xDP1 Fondo E. Rossi$y115$m2 A 137$j156461$qFondi$B155807$CPULBib$Z2$F155807 $82 941 1 $a1 961 $aSul dorso collocazione ms. di E. Rossi: I 89 996 $6245$aCanti$9(OLS)http://pul/title/111913 996 $6260$a[Milano] :$bRizzoli$9(OLS)http://pul/publisher/50221 LEADER 01480nam a2200337 a 4500 001 000000148921 003 CaOOAMICUS 005 20160128141511.0 008 160128s2015 it u000 u ita r 020 $a978-88-372-2800-2* 032 $aLibriCat 040 $aPUL$bita 082 04$a103 100 1 $aLijoi, Federico.$0(OLS)http://pul/name/78706 245 12$aL'anima e lo Stato :$bHans Kelsen e Sigmund Freud /$cFederico Lijoi, Francesco Saverio Trincia. 260 $aBrescia :$bMorcelliana,$cİ2015. 300 $a283 p. ;$c22 cm. 490 1 $aFilosofia. Testi e Studi ;$v66 504 $aBibliografia nelle note. 600 14$aKelsen, Hans,$d1881-1973.$0(OLS)http://pul/subject/12544 600 14$aFreud, Sigmund,$d1856-1939$xCritica e interpretazione.$0(OLS)http://pul/subject/7836 700 1 $aTrincia, Francesco Saverio.$0(OLS)http://pul/name/68203 830 0$aFilosofia (Morcelliana)$pTesti e Studi ;$v66.$0(OLS)http://pul/title/148210 850 $aPUL 852 $aPUL$W1$xSL Filosofia 3$y81$m103 COLL 12.1.66$j171637$qDDC 21$B173135$CPULBib$Z2$F173135 $H126926 $81 941 1 $a9 996 $6020$a978-88-372-2800-2*$9(OLS)http://pul/number/159476 996 $6082$a103$9(OLS)http://pul/classification/621 996 $6245$aL'anima e lo Stato :$bHans Kelsen e Sigmund Freud$9(OLS)http://pul/title/187790 996 $6260$aBrescia :$bMorcelliana$9(OLS)http://pul/publisher/47854